Online Catalogue and eLibrary

Femininity and domination : (Record no. 731)

MARC details
000 -LEADER
fixed length control field 00467nam a2200181Ia 4500
005 - DATE AND TIME OF LATEST TRANSACTION
control field 20240702054344.0
008 - FIXED-LENGTH DATA ELEMENTS--GENERAL INFORMATION
fixed length control field 240331s9999 xx 000 0 und d
020 ## - INTERNATIONAL STANDARD BOOK NUMBER
ISBN 0415901863
082 ## - DDC Classification
Class No. 155
Item Number - Author Mark BAR
100 ## - MAIN ENTRY--PERSONAL NAME
Personal name Bartky, S.L
245 #0 - TITLE STATEMENT
Title Femininity and domination :
Remainder of title sudies in the phenomenology of oppression
260 ## - PUBLICATION, DISTRIBUTION, ETC.
Place of publication, distribution, etc. New york
Name of publisher, distributor, etc. Routledge
Date of publication, distribution, etc. 1990
300 ## - PHYSICAL DESCRIPTION
Extent (e.g. Volumes, Pages etc.) xiii, 141 p .,
650 ## - SUBJECT ADDED ENTRY--TOPICAL TERM
Topical term or geographic name entry element Famine
650 ## - SUBJECT ADDED ENTRY--TOPICAL TERM
Topical term or geographic name entry element Gender
650 ## - SUBJECT ADDED ENTRY--TOPICAL TERM
Topical term or geographic name entry element Phenomenology
942 ## - Koha item type (Biblio)
Koha item type Books in Stacks (Lending)
Holdings
Lost status Damaged status Collection code Home library Current library Shelving location Date acquired Full call number Accession Number Item type
    Lending WERC Library WERC Library Social Science Cupboard 03/31/2024 155 BAR 3796 Books in Stacks (Lending)

© WERC Library